000 00409nam a2200169Ia 4500
001 7673
003 IN-NITTTR
005 20251114233030.0
008 251113s9999||||xx |||||||||||||| ||eng||
040 _beng
040 _cIN-NITTTR
041 _aeng
082 _a294.54 S92W
100 _aSivananda, Sri Swami
245 0 _aWhat becomes of the soil after death /
_cSivananda, Sri Swami
942 _2ddc
_cBK
999 _c10311
_d10311